000 00338nam a2200145Ia 4500
008 100204s9999 xx 000 0 und d
082 _b22040
100 _aHASLET A. W.
245 _aSCIENCE NEWS- 29
260 _bPPENGUIN BOOKS
_c1953
300 _a128
630 _aSCIENCE NEWS- 29
730 _aSCIENCE NEWS- 29
942 _cBOOK
999 _c467152
_d467149